000 00578nam a2200193 i 4500
001 101691
003 ES-MaACL
005 20250814080953.0
007 t|
008 051021s1955 sp ||||1| spa d
100 1 _aMeléndez, Bermudo,
_d1912-1999
_979905
245 1 0 _aManual de Paleontología /
_cpor Bermudo Meléndez.
260 _aMadrid :
_bParaninfo,
_c1955.
300 _a1 lám., 462 p. :
_bil. ;
_c21 cm.
500 _aEn la tapa: 1956.
650 0 7 _aPaleontología
_2embne
_915808
852 _aES-MaACL
_jC-11350
_bR.39011
999 _c101691
_d101691